000 00600nam a22002177a 4500
999 _c130422
_d130422
005 20181218123127.0
010 _aB-089391
020 _c00.00
_a8125021450
035 _aB-089391
037 _bCen Lib/Ret
082 _a910
_bBAL
100 _aBalagopal, J
245 _aDiscovery Geography :
_cby J. Balagopal
_bclass 8 /
260 _aKolkata
_bOrient Longman
_c2002
270 _a17 Chattaranjan Avenue
_bKolkata
_e700072
300 _a177p. :
_c23cm(Hb)
_bill.
650 _aGeography
650 _aIndia--physical setting
942 _2ddc
_cEN
_h910
_mBAL